| 000 | 00613nam a22002178a 4500 | ||
|---|---|---|---|
| 008 | |||
| 020 | _a0070719381 (hbk.) | ||
| 049 | _aMAIN | ||
| 090 | _aTJ177 | ||
| 100 | 1 | _aWowk, Victor. | |
| 245 | 1 | 0 |
_aMachinery vibration : _bbalancing / _cVictor Wowk. |
| 260 |
_aNew York : _bMcGraw-Hill, _cc1995. |
||
| 300 |
_ax, 322 p. : _bill. ; _c24 cm. |
||
| 504 | _aIncludes bibliographical references. | ||
| 650 | 0 |
_aMachinery _xVibration. |
|
| 907 |
_a.b10175337 _b13-09-05 _c12-09-05 |
||
| 003 | |||
| 005 | 20230123134108.0 | ||
| 040 | _cNUST | ||
| 942 |
_cBOOKS _kTJ177 |
||
| 999 |
_c159946 _d159946 |
||